| 000 | 00484nab a22001457 4500 | ||
|---|---|---|---|
| 003 | ES-SlBCS | ||
| 005 | 20210327224246.0 | ||
| 008 | 191118s2019 sp ||||| |||| 00| 0 spa d | ||
| 040 |
_aES-SlBCS _bspa |
||
| 041 | _aspa | ||
| 100 | 1 |
_aRaluto, Reynaldo D. _9116815 |
|
| 245 | 1 | 3 |
_aEl imperativo de la reforestación a la luz de la lucha contra el cambio climático en Asia _cReynaldo D. Raluto |
| 773 | 0 |
_gNúm. 383, 2019, págs. 151-156 _tConcilium _wRev134 _x0210-1041 |
|
| 942 |
_2lcc _cAR |
||
| 999 |
_c482316 _d482316 |
||